| 000 | 00440nam a22001697a 4500 | ||
|---|---|---|---|
| 003 | SGT | ||
| 020 | _a9780394102675 | ||
| 082 |
_a616.01 _bP22B |
||
| 100 | _aBAVEJA, C.P. | ||
| 245 | _aTEXTBOOK AND PRACTICAL MICROBIOLOGY FOR MLT | ||
| 250 | _a3RD | ||
| 260 |
_aINDIA _bARYA PUB _c2022 |
||
| 300 | _a357 | ||
| 650 | _aMICROBIOLOGY | ||
| 653 | _aGENERAL MICROBIOLOGY, IMMUNOLOGY, SYSTEMIC BACTERIOLOGY, VIROLOGY | ||
| 942 |
_2ddc _cBK _0124 |
||
| 999 |
_c23749 _d23749 |
||